Revitalizácia areálu bývalého poľnohospodárskeho družstva

Salvato in:
Dettagli Bibliografici
Autore principale: Bartúnek, Dávid (Autore)
Altri autori: Kusý, Martin (Relatore della tesi)
Natura: Manoscritto Libro
Lingua:slovacco
Pubblicazione: 2025
Soggetti:
Accesso online:http://is.stuba.sk/zp/portal_zp.pl?podrobnosti=185420
Tags: Aggiungi Tag
Nessun Tag, puoi essere il primo ad aggiungerne!!

MARC

LEADER 00000ntm a22000003a 4500
001 stuzp104924
003 SK-STU
005 20250607210952.2
007 ta
008 150427s2015----xo-----f-mn---000-0-slo-d
040 |a STU  |b slo 
041 0 |a slo 
100 1 |a Bartúnek, Dávid  |u 051110  |4 aut  |U FAD Fakulta architektúry a dizajnu  |T FAD Ústav architektúry obytných budov  |X 92982  |U A1110  |Y 392  |7 92982 
242 0 1 |a Revitalization of the former collective farm  |y eng 
245 1 0 |a Revitalizácia areálu bývalého poľnohospodárskeho družstva 
260 |c 2025 
650 4 |a barn  |2 eng 
650 4 |a community spaces  |2 eng 
650 4 |a revitalization  |2 eng 
650 4 |a cooperative  |2 eng 
650 4 |a housing  |2 eng 
650 4 |a kravín  |2 slo 
650 4 |a bývanie  |2 slo 
650 4 |a revitalizácia  |2 slo 
650 4 |a družsto  |2 slo 
650 4 |a komunitné priestory  |2 slo 
700 1 |a Kusý, Martin  |u 051110  |k Z1  |4 ths  |U FAD Fakulta architektúry a dizajnu  |T FAD Ústav architektúry obytných budov  |X 3763  |U A1110  |Y 392  |7 A000003763 
856 4 |u http://is.stuba.sk/zp/portal_zp.pl?podrobnosti=185420